| 000 | 00900nam a22002777i 4500 | ||
|---|---|---|---|
| 001 | IT\ICCU\BVE\0847396 | ||
| 003 | ItRI | ||
| 005 | 20260210163215.0 | ||
| 008 | 200514s2019 it |||||| ||||| |||||c | ||
| 020 | _a9788899358716 | ||
| 040 |
_bita _cIUNIR |
||
| 041 | 7 |
_aita _2ISO-639-2 |
|
| 080 | _a811.131.1 | ||
| 100 | 1 |
_aBalboni, Paolo E. _0IT\ICCU\CFIV\008134 _4aut |
|
| 245 | 1 | 0 |
_aStoria italiana per stranieri : _bdall'antica Roma ai giorni nostri / _cPaolo E. Balboni ; con la collaborazione di Maria Voltolina. |
| 260 |
_aRoma : _bEdilingua, _c2019 |
||
| 300 |
_a151 p. : _bill. ; _c29 cm. |
||
| 490 | 0 | _aCollana cultura italiana | |
| 500 | _aEn portada: B2-C2 | ||
| 650 | 0 |
_aItaliano _xLengua _9544 |
|
| 700 | 1 |
_aVoltolina, Maria _0IT\ICCU\CFIV\185382 _4clb |
|
| 830 | 0 |
_aCollana cultura italiana _0IT\ICCU\BVE\0854210 |
|
| 942 |
_2cdu _cBK |
||
| 981 | 1 |
_6z01 _ai _bxxxe |
|
| 982 | 1 |
_6z01 _an |
|
| 999 |
_c6392 _d6392 |
||